Přírodopis pro 1. ročník středních průmyslových škol chemických /

Main Author: Kašpar, Jan
Language: Czech
Published: Praha : SPN, 1961
Edition: 2. vyd.
Series: Učebnice odborných škol
Physical Description: 195 s. : il. ; 21 cm
Book
Saved in:
LEADER 01025nam a2200289 a 4500
001 000424965
003 CZ BrMZK
005 20140718094743.0
007 ta
008 010907s1961 xr f cze d
040 |a BOA001  |b cze 
080 |a 57/59(075.3)  |2 MRF 
080 |a 372.857/.859(075.3)  |2 MRF 
100 1 |a Kašpar, Jan  |7 jx20040802019  |4 aut 
245 1 0 |a Přírodopis pro 1. ročník středních průmyslových škol chemických /  |c Jan Kašpar 
250 |a 2. vyd. 
260 |a Praha :  |b SPN,  |c 1961 
300 |a 195 s. :  |b il. ;  |c 21 cm 
490 1 |a Učebnice odborných škol 
653 0 |a přírodopis 
830 0 |a Učebnice odborných škol  |0 s 
910 |a BOA001  |b 2-0339.872-61  |b PK-0010.144-61 
920 |a 000582786 
964 |a Přírodopis  |x učebnice  |x školy střední 
990 |a BK 
996 6 |b 2610094912  |c 2-0339.872-61  |l MZK  |r Sklad / do 24 hodin  |n 2  |p dar  |w 000424965  |u 000010  |a 1  |e BOA001  |j MZK50  |s P 
996 7 |b 3119683797  |c PK-0010.144-61  |l MZK  |r Sklad / do 1 hodiny  |n 0  |w 000424965  |u 000020  |a 1  |e BOA001  |j MZK50  |s A